MLB: Top 50 Active Players: Strikeouts Thrown - Statistics

General Stats
  • This quiz has been taken 211 times
    12 since last reset
  • The average score is 24 of 50
Answer Stats
# Player Ks % Correct
1 Justin Verlander 3,554
100%
2 Max Scherzer 3,498
91%
4 Gerrit Cole 2,251
82%
37 Max Fried 1,072
82%
3 Chris Sale 2,601
73%
6 Kevin Gausman 1,985
73%
18 Blake Snell 1,440
64%
20 Carlos Rodón 1,409
64%
26 Dylan Cease 1,257
64%
T24 Kenley Jansen 1,284
64%
11 Zack Wheeler 1,820
64%
22 Aroldis Chapman 1,337
55%
39 Framber Valdez 1,066
55%
29 Freddy Peralta 1,178
55%
9 Jacob deGrom 1,873
55%
16 Luis Castillo 1,507
55%
34 Luis Severino 1,097
55%
40 Matthew Boyd 1,062
55%
50 Sandy Alcantara 953
55%
44 Shane Bieber 995
55%
5 Yu Darvish 2,075
55%
8 Aaron Nola 1,900
45%
32 Corbin Burnes 1,114
45%
T24 Craig Kimbrel 1,284
45%
23 Eduardo Rodríguez 1,308
45%
31 Jack Flaherty 1,144
45%
30 Martín Pérez 1,159
45%
19 Michael Wacha 1,443
45%
46 Tyler Glasnow 974
45%
36 Germán Márquez 1,079
36%
35 Jameson Taillon 1,090
36%
T48 Kyle Freeland 957
36%
43 Logan Webb 1,015
36%
15 Nathan Eovaldi 1,513
36%
21 Nick Pivetta 1,353
36%
13 Robbie Ray 1,758
36%
28 Sean Manaea 1,194
36%
47 Seth Lugo 968
36%
33 Taijuan Walker 1,100
36%
42 Yusei Kikuchi 1,030
36%
27 Chris Bassitt 1,196
27%
41 Joe Musgrove 1,050
27%
45 Pablo López 994
27%
7 Sonny Gray 1,936
27%
T48 Steven Matz 957
27%
38 Zac Gallen 1,071
27%
14 Carlos Carrasco 1,696
18%
17 José Berríos 1,481
18%
12 José Quintana 1,818
18%
10 Patrick Corbin 1,863
18%
No matching quizzes found
Score Distribution
Percent of People with Each Score
Percentile by Number Answered
Your Score History
You have not taken this quiz since the last reset